once more to see you - mitski lyrics - Statistics

General Stats
  • This quiz has been taken 269 times
  • The average score is 133 of 163
Answer Stats
Answer % Correct
i
98%
you
96%
you,
96%
you),
96%
on
94%
the
94%
a
91%
verse in
91%
to
90%
of
89%
your
89%
every
87%
see
87%
have
86%
more
86%
do
85%
once
85%
and
84%
me
82%
me,
82%
my
82%
we
82%
it
81%
name
81%
with
81%
scream
80%
would
79%
city
78%
if
78%
(if
78%
mirror
78%
top
78%
us
78%
watching
78%
be
77%
heart
77%
let
77%
our
77%
but
76%
everybody
76%
keep
76%
move
76%
pinky
76%
promise
76%
roof
76%
secret,
76%
kisses
75%
give
74%
inside
74%
them
74%
alone
73%
come
73%
could
73%
wouldn't
73%
up
72%
rearview
71%
reputations
71%
then
71%
saw
70%
chorus so
70%
won't
68%
bubble
66%
neck
62%
taste
61%
sun
57%
felt
56%
setting
56%
No matching quizzes found
Score Distribution
Percent of People with Each Score
Percentile by Number Answered
Your Score History
You have not taken this quiz